000 00709nam a22002057i 4500
003 URS
336 _atext
_btxt
_2rdacontent
337 _aunmediated
_bn
_2rdamedia
338 _avolume
_bnc
_2rdacarrier
999 _c8700
_d8700
005 20220114153457.0
008 190119b ||||| |||| 00| 0 eng d
020 _a9716858129
040 _beng
_erda
_cURS Pililla Library
082 0 0 _a371.10076
_bC73 2015
100 1 _aEspique, Felina P.
_eAuthor
245 1 0 _aLET Comprehensive Reviewer Based on the NCBTS and Table of Specifications (TOS)
_bSpecialization English Book 1
_cFelina pages Espique
264 1 _aQuezon City
_bLorimar Pub. Incorporated
_c2015.
300 _avi, 173 pages;
_billustration;
_c25 cm.
942 _2ddc
_cF